000 nam a22 7a 4500
999 _c19123
_d19123
008 170114b xxu||||| |||| 00| 0 eng d
050 _aNA1080 .M57V6 1960
100 _aVon Eckardt,Wolf
245 _aEric Mendelsohn /
_cWolf von Eckardt
260 _aNew York :
_bG. Braziller,
_cc1960
300 _a128p. :
_bill. ;
500 _aincludes index.
650 _a Mendelsohn, Erich,
_x1887-1953.
942 _2lcc
_cBOOKS
_hNA1080 .M57V6 1960